<?xml version="1.0" encoding="UTF-8"?><?xml-stylesheet type="text/xsl" href="static/style.xsl"?><OAI-PMH xmlns="http://www.openarchives.org/OAI/2.0/" xmlns:xsi="http://www.w3.org/2001/XMLSchema-instance" xsi:schemaLocation="http://www.openarchives.org/OAI/2.0/ http://www.openarchives.org/OAI/2.0/OAI-PMH.xsd"><responseDate>2026-06-05T21:46:10Z</responseDate><request verb="GetRecord" identifier="oai:riubu.ubu.es:10259/6757" metadataPrefix="marc">https://riubu.ubu.es/oai/request</request><GetRecord><record><header><identifier>oai:riubu.ubu.es:10259/6757</identifier><datestamp>2023-02-06T10:42:00Z</datestamp><setSpec>com_10259_7354</setSpec><setSpec>com_10259_7353</setSpec><setSpec>com_10259_2604</setSpec><setSpec>com_10259_4846</setSpec><setSpec>com_10259_5086</setSpec><setSpec>col_10259_7389</setSpec><setSpec>col_10259_7145</setSpec></header><metadata><record xmlns="http://www.loc.gov/MARC21/slim" xmlns:doc="http://www.lyncode.com/xoai" xmlns:xsi="http://www.w3.org/2001/XMLSchema-instance" xmlns:dcterms="http://purl.org/dc/terms/" xsi:schemaLocation="http://www.loc.gov/MARC21/slim http://www.loc.gov/standards/marcxml/schema/MARC21slim.xsd">
<leader>00925njm 22002777a 4500</leader>
<datafield tag="042" ind1=" " ind2=" ">
<subfield code="a">dc</subfield>
</datafield>
<datafield tag="720" ind1=" " ind2=" ">
<subfield code="a">Corbí Santamaría, Miguel</subfield>
<subfield code="e">author</subfield>
</datafield>
<datafield tag="720" ind1=" " ind2=" ">
<subfield code="a">Ortega Sánchez, Delfín</subfield>
<subfield code="e">author</subfield>
</datafield>
<datafield tag="720" ind1=" " ind2=" ">
<subfield code="a">Aguiló Pons, Antoni</subfield>
<subfield code="e">author</subfield>
</datafield>
<datafield tag="720" ind1=" " ind2=" ">
<subfield code="a">Molina Gil, Patricia</subfield>
<subfield code="e">author</subfield>
</datafield>
<datafield tag="260" ind1=" " ind2=" ">
<subfield code="c">2022-05</subfield>
</datafield>
<datafield tag="520" ind1=" " ind2=" ">
<subfield code="a">La promoción de hábitos de vida saludables y del bienestar integral de la ciudadanía constituye un objetivo sólidamente compartido por las instituciones universitarias en el ejercicio de su responsabilidad social. La Universidad de Burgos (UBu), miembro de la Red Española de Universidades Promotoras de la Salud (REUPS), contribuye, con fuerza incremental al ODS 3 - Salud y Bienestar de la Agenda 2030, dirigido a garantizar una vida sana, y promover el bienestar para todos y todas con independencia de la edad. De acuerdo con el Informe de Responsabilidad Social de la Universidad de Burgos 2021 y las líneas de acción del Aula Campus Saludable de la UBu, este objetivo, extensible a las entidades sanitarias locales, regionales, estatales y globales, se articula en el diseño, ejecución y evaluación de proyectos y programas intencionalmente orientados. En el ejercicio de su responsabilidad en la transferencia del conocimiento e innovación, la presente guía ofrece, de forma pionera, un amplio y selecto conjunto de buenas prácticas para la promoción de hábitos saludables en el contexto universitario iberoamericano, reflejo de la intensa actividad desarrollada en los países participantes en su redacción.</subfield>
</datafield>
<datafield tag="024" ind2=" " ind1="8">
<subfield code="a">978-84-18465-17-8</subfield>
</datafield>
<datafield tag="024" ind2=" " ind1="8">
<subfield code="a">http://hdl.handle.net/10259/6757</subfield>
</datafield>
<datafield tag="024" ind2=" " ind1="8">
<subfield code="a">10.36443/9788418465178</subfield>
</datafield>
<datafield ind1=" " ind2=" " tag="653">
<subfield code="a">Hábitos de vida saludables</subfield>
</datafield>
<datafield ind1=" " ind2=" " tag="653">
<subfield code="a">Buenas prácticas</subfield>
</datafield>
<datafield ind1=" " ind2=" " tag="653">
<subfield code="a">Educación superior iberoamericana</subfield>
</datafield>
<datafield ind1=" " ind2=" " tag="653">
<subfield code="a">Transferencia de conocimiento</subfield>
</datafield>
<datafield tag="245" ind1="0" ind2="0">
<subfield code="a">Guía de buenas prácticas para la promoción de hábitos saludables en el contexto universitario iberoamericano</subfield>
</datafield>
</record></metadata></record></GetRecord></OAI-PMH>